| 000 | 00614cam a22002291 4500 | ||
|---|---|---|---|
| 001 | med47001742 | ||
| 003 | DLC | ||
| 005 | 20260227111603.0 | ||
| 008 | 811121m19431946xx a 000 0 fre | ||
| 010 | _amed47001742 | ||
| 035 | _a(OCoLC)14740106 | ||
| 040 |
_aDLC _cDNLM _dDLC |
||
| 042 | _apremarc | ||
| 050 | 0 | 0 |
_aRJ45 _b.D32 |
| 060 | 0 |
_aWS 200 _bD288p 1943 |
|
| 100 | 1 |
_aDebré, Robert, _d1882- |
|
| 245 | 1 | 0 |
_aPathologie infantile, _cpar R. Debré, E. Lesné [et] P. Rohmer ... |
| 260 |
_aParis, _bDoin, _c1943-46. |
||
| 300 |
_a2 v. _bill. |
||
| 700 | 1 |
_aLesné, Edmond, _d1871- |
|
| 700 | 1 | _aRohmer, Paul. | |
| 999 |
_c38391 _d38391 |
||